| 000 | 02539cam a2200613 i 4500 | ||
|---|---|---|---|
| 001 | xx004851660 | ||
| 003 | NUKAT | ||
| 005 | 20260430134318.0 | ||
| 008 | 200430s2019 pl g |001 0 pol c | ||
| 020 |
_a9788380987647 _q(oprawa twarda) : _czł 40,00 |
||
| 035 | _a(OCoLC)1153281819 | ||
| 035 | _a(NUKAT)xx004851660 | ||
| 040 |
_aWR U/as _bpol _erda _cWR U/ass _dWR U/mw _dKAT U/JPs _dWR O/IS _dWA 14/ABs _dOLSZT 008/bak |
||
| 041 | 0 |
_apol _beng |
|
| 045 | 2 |
_bd1950 _bd1992 |
|
| 046 |
_k2019 _o1950 _p1992 |
||
| 245 | 0 | 0 |
_aW imię przyszłości partii : _bprocesy o łamanie tzw. praworządności socjalistycznej 1956-1957 : dokumenty / _cpod redakcją Marcina Zaborskiego ; Instytut Pamięci Narodowej. Komisja Ścigania Zbrodni Przeciwko Narodowi Polskiemu. |
| 260 |
_aWarszawa : _bInstytut Pamięci Narodowej. Komisja Ścigania Zbrodni Przeciwko Narodowi Polskiemu, _c2019. |
||
| 300 |
_a455 stron ; _c25 cm. |
||
| 336 |
_aTekst _btxt _2rdacontent |
||
| 337 |
_aBez urządzenia pośredniczącego _bn _2rdamedia |
||
| 338 |
_aWolumin _bnc _2rdacarrier |
||
| 380 | _aKsiążki | ||
| 380 | _aPublikacje naukowe | ||
| 388 | 1 | _a2001- | |
| 490 | 1 | _aCentralny Projekt Badawczy IPN Podziemie Niepodległościowe w Polsce 1944-1956 | |
| 504 | _aIndeks. | ||
| 546 | _aStreszczenie angielskie. | ||
| 610 | 2 | 7 |
_aRada Adwokacka (Izba Adwokacka ; Warszawa) _2DBN _941045 |
| 648 | 7 |
_a1901-2000 _2DBN _934996 |
|
| 648 | 7 |
_a1945-1989 _2DBN _936043 |
|
| 648 | 7 |
_a1989-2000 _2DBN _936156 |
|
| 650 | 7 |
_aAdwokaci _2DBN _938215 |
|
| 650 | 7 |
_aNaruszenie prawa _2DBN _941046 |
|
| 650 | 7 |
_aPRL _2DBN _935084 |
|
| 650 | 7 |
_aProkuratura _2DBN _941047 |
|
| 650 | 7 |
_aSądownictwo _2DBN _936270 |
|
| 650 | 7 |
_aStalinizm _2DBN _935085 |
|
| 650 | 7 |
_aAdwokatura _zPolska _y1945-1970 _vźródła. _2kaba _941048 |
|
| 650 | 7 |
_aPrawo _zPolska _y1945-1970 _xźródła. _2kaba _941049 |
|
| 650 | 7 |
_aDeontologia zawodowa. _2kaba _941050 |
|
| 650 | 7 |
_aSądy _zPolska _y1945-1970 _vźródła. _2kaba _941051 |
|
| 650 | 7 |
_aProkuratura _zPolska _y1945-1970. _2kaba _941052 |
|
| 651 | 7 |
_aPolska _2DBN _935076 |
|
| 655 | 7 |
_aAntologia _2DBN _934961 |
|
| 655 | 7 |
_aDokumenty _2DBN _937215 |
|
| 658 | _aHistoria | ||
| 658 | _aPrawo i wymiar sprawiedliwości | ||
| 700 | 1 |
_aZaborski, Marcin. _eRedakcja _941044 |
|
| 710 | 2 |
_aInstytut Pamięci Narodowej - Komisja Ścigania Zbrodni przeciwko Narodowi Polskiemu. _eWydawca _4pbl _911792 |
|
| 830 | 0 |
_aPodziemie Niepodległościowe w Polsce 1944-1956 _940087 |
|
| 920 | _a978-83-8098-764-7 (oprawa twarda) : zł 40,00 | ||
| 942 |
_2ddc _cBK_NM |
||
| 999 |
_c27906 _d27906 |
||